00524cam a2200193 a 450000100060000000300080000600500170001400800390003102000150007003500190008504000320010404100080013608200210014410000290016524500610019425000120025526000370026730000260030418377BD-RjUL20211209000257.0140220s1984 nyu 000 1 eng a0393019268 a(BD-RjUL)18435 aDLCcDLCdDLCdBD-RjULbeng aeng00a823.914219bFRW1 aFrancis, Richard,d1945-14aThe whispering gallery :ba novel /cRichard H. Francis. a1st ed. aNew York :bW.W. Norton,cc1984. a250, [1] p. ;c22 cm.